LDR 01000naa#a2200193#i#450# 001 RU\\bibl\122874 005 20260512103954.2 011 ## _a2073-4018 100 ## _a20260508b2026####ek#y0rusy0150####ca 101 0# _aRUS 102 ## _aRU 200 1# _aАссоциация аллельных вариантов гена BoLA-DRB3 с технологическими свойствами молока и его пригодностью для сыроделия и маслоделия _eЖурнальная статья 210 1# _aКемерово _cКемеровский государственный университет _d2026 215 ## _a9 с. 608 ## _aЖурнальная статья _2local 675 ## _aСельское хозяйство. Лесное хозяйство. Охота. Рыбное хозяйство. 63 _zRUS 700 #1 _aПлешков _gВладимир Александрович 700 #1 _aКозлова _gОксана Васильевна 856 4# _avestnik-pses.kemsu.ru _u